[Event "La Cumbre"]
[Site "La Cumbre"]
[Date "2019.09.13"]
[Round "9"]
[White "Claverie, Raul Ricardo"]
[Black "Cejas, Jose Angel"]
[Result "1/2-1/2"]
[WhiteElo "2466"]
[BlackElo "2310"]
[PlyCount "83"]
[EventDate "2019.09.09"]
[EventType "tourn"]
[EventRounds "9"]
[EventCountry "ARG"]
[EventCategory "1"]
[SourceTitle "EXT 2020"]
[Source "ChessBase"]
[SourceDate "2019.10.17"]
[SourceVersion "1"]
[SourceVersionDate "2019.10.17"]
[SourceQuality "1"]

1. f4 d5 2. Nf3 g6 3. g3 Bg7 4. Bg2 Nf6 5. 0-0 c5 6. d3 Nc6 7. Nc3 0-0 8. e4 dxe4 9. dxe4 Be6 10. e5 Nd5 11. Nxd5 Bxd5 12. Be3 c4 13. Rf2 e6 14. Ng5 Bxg2 15. Kxg2 Qa5 16. Ne4 Ne7 17. Bc5 Nd5 18. Qe1 Qxe1 19. Rxe1 Rfc8 20. Bd4 Rd8 21. g4 b6 22. a3 Rd7 23. Rf3 b5 24. c3 Ne7 25. Rh3 Rad8 26. Bc5 Rd2+ 27. Kf1 R2d7 28. Kg2 Rd2+ 29. Nxd2 Rxd2+ 30. Kf1 Nd5 31. Rb1 Nxf4 32. Be3 Rd3 33. Rg3 Bxe5 34. Bxf4 Bxf4 35. Rxd3 cxd3 36. Rd1 d2 37. Ke2 f5 38. h3 Kf7 39. a4 a6 40. axb5 axb5 41. Ra1 fxg4 42. hxg4 1/2-1/2

[Event "La Cumbre"]
[Site "La Cumbre"]
[Date "2019.09.12"]
[Round "7"]
[White "Lammers, Anton"]
[Black "Cejas, Jose Angel"]
[Result "0-1"]
[WhiteElo "1904"]
[BlackElo "2310"]
[PlyCount "60"]
[EventDate "2019.09.09"]
[EventType "tourn"]
[EventRounds "9"]
[EventCountry "ARG"]
[EventCategory "1"]
[SourceTitle "EXT 2020"]
[Source "ChessBase"]
[SourceDate "2019.10.17"]
[SourceVersion "1"]
[SourceVersionDate "2019.10.17"]
[SourceQuality "1"]

1. e4 c6 2. d4 d5 3. e5 c5 4. dxc5 e6 5. a3 Bxc5 6. b4 Bb6 7. Nf3 Ne7 8. Bd3 Ng6 9. 0-0 Nc6 10. Bb2 0-0 11. Nbd2 Nf4 12. Nb3 Nxd3 13. cxd3 Ne7 14. d4 Ng6 15. Rc1 f6 16. Nc5 fxe5 17. dxe5 Qe7 18. a4 Bxc5 19. Rxc5 b6 20. Rc3 Qxb4 21. Qc2 Ba6 22. Re1 Rxf3 23. gxf3 Nh4 24. Rd1 Qf4 25. Bc1 Nxf3+ 26. Kg2 Qxh2+ 27. Kxf3 Qh3+ 28. Kf4 Rf8+ 29. Kg5 h6+ 30. Kg6 Qg4+ 0-1

[Event "La Cumbre"]
[Site "La Cumbre"]
[Date "2019.09.11"]
[Round "6"]
[White "Cejas, Jose Angel"]
[Black "Ocantos, Manuel"]
[Result "1/2-1/2"]
[WhiteElo "2310"]
[BlackElo "2239"]
[PlyCount "103"]
[EventDate "2019.09.09"]
[EventType "tourn"]
[EventRounds "9"]
[EventCountry "ARG"]
[EventCategory "1"]
[SourceTitle "EXT 2020"]
[Source "ChessBase"]
[SourceDate "2019.10.17"]
[SourceVersion "1"]
[SourceVersionDate "2019.10.17"]
[SourceQuality "1"]

1. e4 c5 2. Nf3 e6 3. d4 cxd4 4. Nxd4 a6 5. Nc3 Qc7 6. Be3 Nc6 7. Qf3 Nf6 8. 0-0-0 Be7 9. Be2 d6 10. h3 Rb8 11. g4 h6 12. Rhg1 b5 13. Nxc6 Qxc6 14. e5 Qxf3 15. Bxf3 dxe5 16. Ba7 Bb7 17. Bxb8 Bxf3 18. Rde1 b4 19. Nd1 e4 20. Ne3 0-0 21. Bg3 Nd5 22. Nf1 Bg5+ 23. Kb1 f5 24. h4 Bf6 25. Ne3 Nxe3 26. fxe3 Bxg4 27. Rg2 Rd8 28. Rh2 g6 29. Kc1 Bf3 30. a4 g5 31. hxg5 hxg5 32. Rg1 Kg7 33. c4 bxc3 34. bxc3 Rd3 35. Rc2 Bxc3 36. Bf4 g4 37. Kb1 Bf6 38. Rc6 Ra3 39. Rgc1 Be2 40. Rc7+ Kg6 41. R1c6 g3 42. Rxe6 g2 43. Bh2 Ra1+ 44. Kc2 Rh1 45. Be5 Bd3+ 46. Kb2 Rb1+ 47. Ka3 g1Q 48. Rxf6+ Kh5 49. Rxf5+ Qg5 50. Rxg5+ Kxg5 51. Rc3 Kg4 52. Rb3 1/2-1/2

[Event "La Cumbre"]
[Site "La Cumbre"]
[Date "2019.09.10"]
[Round "4"]
[White "Cejas, Jose Angel"]
[Black "Mussanti, Diego"]
[Result "0-1"]
[WhiteElo "2310"]
[BlackElo "2362"]
[PlyCount "118"]
[EventDate "2019.09.09"]
[EventType "tourn"]
[EventRounds "9"]
[EventCountry "ARG"]
[EventCategory "1"]
[SourceTitle "EXT 2020"]
[Source "ChessBase"]
[SourceDate "2019.10.17"]
[SourceVersion "1"]
[SourceVersionDate "2019.10.17"]
[SourceQuality "1"]

1. e4 c5 2. Nf3 e6 3. d4 cxd4 4. Nxd4 Nc6 5. Nc3 d6 6. Be3 Nf6 7. f4 Be7 8. Qf3 0-0 9. 0-0-0 Qc7 10. g4 Nxd4 11. Rxd4 e5 12. Rc4 Bxg4 13. Qg3 exf4 14. Bxf4 Qb6 15. e5 dxe5 16. Bxe5 Nh5 17. Qxg4 Qe3+ 18. Kb1 Qxe5 19. Re4 Qg5 20. Qf3 g6 21. Bc4 Bf6 22. Nd5 Bg7 23. Rhe1 b5 24. Bb3 Rad8 25. Rg4 Qd2 26. Rd1 Qxh2 27. Rg5 a5 28. c3 Rde8 29. Rh1 Qd2 30. Rg2 Re1+ 31. Bd1 Qxd1+ 32. Qxd1 Rxd1+ 33. Rxd1 f5 34. a4 bxa4 35. Ka2 f4 36. Rf1 Be5 37. Ka3 Ng3 38. Re1 Bd6+ 39. Kxa4 f3 40. Rf2 Bc5 41. Ne3 Ne4 42. Rff1 f2 43. Re2 Bxe3 44. Rxe3 Nd2 45. Rd1 Nc4 46. Re2 f1Q 47. Rxf1 Rxf1 48. Kb5 Nd6+ 49. Kxa5 Rf5+ 50. Kb6 Nc4+ 51. Kc6 Na5+ 52. Kc7 Nb3 53. Re8+ Kg7 54. Rb8 Nc5 55. Kc6 Ne4 56. Re8 Nf6 57. Re7+ Kf8 58. Re2 Rf4 59. b3 Rf3 0-1

[Event "Mar del Plata op 50th"]
[Site "Mar del Plata"]
[Date "2019.04.19"]
[Round "8"]
[White "Cejas, Jose Angel"]
[Black "Alonso, Salvador"]
[Result "0-1"]
[WhiteElo "2324"]
[BlackElo "2497"]
[PlyCount "66"]
[EventDate "2019.04.13"]
[EventType "swiss"]
[EventRounds "9"]
[EventCountry "ARG"]
[SourceTitle "CBM 190 Extra"]
[Source "ChessBase"]
[SourceDate "2019.07.15"]
[SourceVersion "1"]
[SourceVersionDate "2019.07.15"]
[SourceQuality "1"]

1. d4 d5 2. Nf3 Nf6 3. Bg5 c5 4. e3 Nc6 5. c3 e6 6. Nbd2 h6 7. Bh4 g5 8. Bg3 Nh5 9. Be5 f6 10. Qc2 fxe5 11. Qg6+ Kd7 12. Qxh5 e4 13. Ne5+ Nxe5 14. dxe5 Kc7 15. 0-0-0 Bd7 16. f3 Qe8 17. Qh3 exf3 18. gxf3 Ba4 19. b3 Bc6 20. Qg3 Rd8 21. h4 Rg8 22. Be2 Qg6 23. Nb1 c4 24. bxc4 Bc5 25. Rd4 gxh4 26. Qxh4 Qg2 27. Qe1 dxc4 28. Rxh6 Bxd4 29. cxd4 Rh8 30. Rxh8 Rxh8 31. Nd2 c3 32. Nf1 Kb8 33. e4 Bb5 0-1

[Event "Mina Clavero"]
[Site "Mina Clavero"]
[Date "2016.05.11"]
[Round "3"]
[White "Cejas, Jose Angel"]
[Black "Pacheco, Daniel"]
[Result "1-0"]
[WhiteElo "2311"]
[BlackElo "2312"]
[PlyCount "73"]
[EventDate "2016.05.10"]
[EventType "tourn"]
[EventRounds "9"]
[EventCountry "ARG"]
[EventCategory "3"]
[SourceTitle "CBM 172 Extra"]
[Source "ChessBase"]
[SourceDate "2016.06.21"]
[SourceVersion "1"]
[SourceVersionDate "2016.06.21"]
[SourceQuality "1"]

1. e4 e6 2. Qe2 c5 3. Nf3 Nc6 4. c3 g6 5. d4 cxd4 6. cxd4 Bg7 7. d5 Nd4 8. Nxd4 Bxd4 9. Nc3 Qb6 10. Nb5 Bc5 11. Bf4 d6 12. Rc1 a6 13. Rxc5 Qxc5 14. Nxd6+ Kf8 15. Nc4 Kg7 16. Bd6 Qb5 17. Qd2 f6 18. Bc7 exd5 19. Nb6 Qe8 20. Be2 Ra7 21. Bb8 Bh3 22. Bxa7 Bxg2 23. Rg1 Qxe4 24. Nd7 Bh3 25. Nc5 Qb1+ 26. Qd1 Qxb2 27. Rg3 Bc8 28. Re3 Qxa2 29. Kf1 Kf7 30. Qc1 Qa5 31. Nb3 Qd8 32. Bc5 b6 33. Ba3 d4 34. Nxd4 b5 35. Qc6 b4 36. Bxb4 Qxd4 37. Qe8+ 1-0

[Event "Mar del Plata op 47th"]
[Site "Mar del Plata"]
[Date "2016.03.24"]
[Round "7"]
[White "Cejas, Jose Angel"]
[Black "Martinez de Negri, Agustin Gonzalo"]
[Result "1-0"]
[WhiteElo "2300"]
[BlackElo "2146"]
[PlyCount "107"]
[EventDate "2016.03.19"]
[EventType "swiss"]
[EventRounds "9"]
[EventCountry "ARG"]
[SourceTitle "CBM 171 Extra"]
[Source "ChessBase"]
[SourceDate "2016.04.26"]
[SourceVersion "1"]
[SourceVersionDate "2016.04.26"]
[SourceQuality "1"]

1. e4 e5 2. Nf3 Nf6 3. Nc3 Nc6 4. d4 exd4 5. Nxd4 Bb4 6. Nxc6 bxc6 7. Bd3 d5 8. exd5 Qe7+ 9. Qe2 Qxe2+ 10. Bxe2 cxd5 11. 0-0 c6 12. Be3 0-0 13. Na4 Re8 14. c3 Bd6 15. h3 Bf5 16. Rac1 Ne4 17. Rfd1 Ng3 18. Ba6 Rab8 19. b3 Re6 20. Bxa7 Ra8 21. fxg3 Rxa7 22. Bc8 Re5 23. Bxf5 Rxf5 24. g4 Rf6 25. c4 Bf4 26. Rc3 g6 27. cxd5 cxd5 28. g3 Be5 29. Re3 Bd6 30. Rxd5 Rc7 31. Rd2 Rc1+ 32. Kg2 Bb4 33. Rf2 Rd6 34. Re8+ Kg7 35. Re7 Rdd1 36. Rexf7+ Kg8 37. Rf1 Rd2+ 38. R7f2 Rcc2 39. Rxd2 Rxd2+ 40. Rf2 Rd3 41. Nb2 Rc3 42. Nc4 Rd3 43. Re2 Bc5 44. h4 Rd1 45. g5 Kg7 46. Rd2 Rg1+ 47. Kf3 h5 48. Rd7+ Kg8 49. Ne5 Rf1+ 50. Ke4 Re1+ 51. Kd5 Bf2 52. Nd3 Rd1 53. Ke6 Bxg3 54. Kf6 1-0

[Event "Las Varillas Cup Municipalidad"]
[Site "Las Varillas"]
[Date "2015.08.16"]
[Round "5.1"]
[White "Cejas, Jose Angel"]
[Black "Tristan, Leonardo"]
[Result "0-1"]
[WhiteElo "2287"]
[BlackElo "2425"]
[PlyCount "65"]
[EventDate "2015.08.15"]
[EventType "swiss"]
[EventRounds "7"]
[EventCountry "ARG"]
[SourceTitle "EXT 2024"]
[Source "ChessBase"]
[SourceDate "2023.10.10"]
[SourceVersion "1"]
[SourceVersionDate "2023.10.10"]
[SourceQuality "1"]

1. e4 Nf6 2. e5 Nd5 3. d4 d6 4. c4 Nb6 5. exd6 exd6 6. Nf3 Be7 7. Be2 0-0 8. 0-0 Bg4 9. Nc3 Nc6 10. b3 Bf6 11. Be3 d5 12. c5 Nc8 13. b4 a6 14. b5 axb5 15. Nxb5 Na5 16. Bf4 c6 17. Nc3 b6 18. cxb6 Nxb6 19. Na4 Nxa4 20. Qxa4 Re8 21. Qd1 c5 22. Rc1 Bxf3 23. Bxf3 Bxd4 24. Qa4 Qf6 25. Rfe1 Nc6 26. Rxe8+ Rxe8 27. Bg3 Qe6 28. h3 g6 29. Rb1 Rd8 30. Bc7 Rc8 31. Bf4 Qf6 32. Rb6 Qxf4 33. Qa6 0-1

[Event "Las Varillas Cup Municipalidad"]
[Site "Las Varillas"]
[Date "2015.08.16"]
[Round "4.2"]
[White "Cejas, Jose Angel"]
[Black "Zapata Charles, Santiago"]
[Result "1-0"]
[WhiteElo "2287"]
[BlackElo "2309"]
[PlyCount "83"]
[EventDate "2015.08.15"]
[EventType "swiss"]
[EventRounds "7"]
[EventCountry "ARG"]
[SourceTitle "EXT 2024"]
[Source "ChessBase"]
[SourceDate "2023.10.10"]
[SourceVersion "1"]
[SourceVersionDate "2023.10.10"]
[SourceQuality "1"]

1. e4 e6 2. d4 d5 3. Nd2 Nf6 4. e5 Nfd7 5. Bd3 c5 6. c3 Nc6 7. Ngf3 g6 8. 0-0 Bg7 9. Re1 Qb6 10. dxc5 Qc7 11. Nd4 Ncxe5 12. Nb5 Qd8 13. Nb3 0-0 14. Bf4 a6 15. Na3 Re8 16. Bf1 Nc6 17. Qd2 Nf6 18. Bg5 Qc7 19. f3 Na5 20. Qf2 Nd7 21. Be3 Bf8 22. Nxa5 Qxa5 23. Nc2 Bxc5 24. b4 Bxe3 25. Nxe3 Qd8 26. Rad1 Nf6 27. Nc4 Qc7 28. Nb6 Rb8 29. c4 dxc4 30. Nxc4 Bd7 31. Ne5 Ba4 32. Qh4 Nd5 33. Rd4 Qe7 34. Qh6 Nf6 35. Rh4 Qf8 36. Qg5 Qg7 37. Rf4 Nd5 38. Rxf7 Qxf7 39. Nxf7 Kxf7 40. Bc4 Bc6 41. Re4 Rbc8 42. h4 1-0

[Event "Buenos Aires Duchamp Memorial op 5th"]
[Site "Buenos Aires"]
[Date "2013.03.26"]
[Round "5"]
[White "Saralegui Cassan, Mario"]
[Black "Cejas, Jose Angel"]
[Result "1/2-1/2"]
[WhiteElo "2142"]
[BlackElo "2361"]
[PlyCount "93"]
[EventDate "2013.03.23"]
[EventType "swiss"]
[EventRounds "8"]
[EventCountry "ARG"]
[SourceTitle "CBM 153 Extra"]
[Source "ChessBase"]
[SourceDate "2013.04.22"]
[SourceVersion "1"]
[SourceVersionDate "2013.04.22"]
[SourceQuality "1"]

1. d4 d5 2. c4 Bf5 3. Nc3 e6 4. Nf3 Nc6 5. Bf4 Nf6 6. e3 Be7 7. cxd5 Nxd5 8. Nxd5 Qxd5 9. Bd3 Bxd3 10. Qxd3 g5 11. e4 Qd8 12. Be3 g4 13. Nd2 Bf6 14. Nb3 Bg7 15. Rd1 0-0 16. 0-0 Ne7 17. Qd2 Kh8 18. f3 gxf3 19. Rxf3 f5 20. Nc5 Qd6 21. Bh6 fxe4 22. Bxg7+ Kxg7 23. Rh3 Ng8 24. Qg5+ Kh8 25. Nxe4 Qf4 26. Qxf4 Rxf4 27. Ng5 Nf6 28. Nxe6 Re4 29. Nxc7 Rc8 30. Rc3 Re2 31. Nb5 Rg8 32. Rg3 Rxb2 33. Rxg8+ Kxg8 34. Nxa7 Rxa2 35. Nc8 Nd5 36. Rb1 Ne3 37. g3 b5 38. d5 Rg2+ 39. Kh1 Rd2 40. d6 b4 41. h4 Nf5 42. Rxb4 Nxg3+ 43. Kg1 Nf5 44. Ne7+ Nxe7 45. dxe7 Kf7 46. Rb8 Kxe7 47. Rb7+ 1/2-1/2

[Event "Buenos Aires Duchamp Memorial op 5th"]
[Site "Buenos Aires"]
[Date "2013.03.24"]
[Round "1"]
[White "Acosta, Cristian"]
[Black "Cejas, Jose Angel"]
[Result "0-1"]
[WhiteElo "1911"]
[BlackElo "2361"]
[PlyCount "84"]
[EventDate "2013.03.23"]
[EventType "swiss"]
[EventRounds "8"]
[EventCountry "ARG"]
[SourceTitle "CBM 153 Extra"]
[Source "ChessBase"]
[SourceDate "2013.04.22"]
[SourceVersion "1"]
[SourceVersionDate "2013.04.22"]
[SourceQuality "1"]

1. d4 d5 2. Bf4 g6 3. Nd2 Bg7 4. Ngf3 Nh6 5. e3 f6 6. Be2 Nf7 7. 0-0 0-0 8. c4 c6 9. Nb1 e5 10. Bg3 e4 11. Nfd2 Be6 12. Nc3 f5 13. Qb3 b6 14. Rac1 dxc4 15. Bxc4 Bxc4 16. Nxc4 Kh8 17. Ne2 Qe7 18. Nd2 Rc8 19. Rc2 Nd7 20. Rfc1 Nd8 21. Nc3 Nf6 22. h3 h6 23. Nc4 Kh7 24. Ne5 Qb7 25. Ne2 Nd5 26. f3 exf3 27. gxf3 Bxe5 28. Bxe5 Qe7 29. Qxd5 cxd5 30. Rxc8 Rxc8 31. Rxc8 Nf7 32. Rc7 Qe8 33. Nf4 h5 34. Nxd5 Kh6 35. Nf6 Qf8 36. Nd7 Qb4 37. Nf6 Qe1+ 38. Kg2 Qe2+ 39. Kg1 Qxe3+ 40. Kg2 Qe2+ 41. Kg1 Nxe5 42. dxe5 Qxe5 0-1

[Event "Buenos Aires Duchamp Memorial op 5th"]
[Site "Buenos Aires"]
[Date "2013.03.24"]
[Round "3"]
[White "Benedetti, Julio"]
[Black "Cejas, Jose Angel"]
[Result "0-1"]
[WhiteElo "2173"]
[BlackElo "2361"]
[PlyCount "98"]
[EventDate "2013.03.23"]
[EventType "swiss"]
[EventRounds "8"]
[EventCountry "ARG"]
[SourceTitle "CBM 153 Extra"]
[Source "ChessBase"]
[SourceDate "2013.04.22"]
[SourceVersion "1"]
[SourceVersionDate "2013.04.22"]
[SourceQuality "1"]

1. e4 c6 2. d4 d5 3. Nc3 dxe4 4. Nxe4 Nf6 5. Nxf6+ exf6 6. g3 h5 7. Bg2 h4 8. Be3 Be6 9. Ne2 Bd5 10. Bxd5 Qxd5 11. Rg1 hxg3 12. hxg3 Nd7 13. Qd3 0-0-0 14. Qb3 Nb6 15. Nf4 Qa5+ 16. Bd2 Re8+ 17. Kd1 Qf5 18. Qxf7 Qg4+ 19. Kc1 Bd6 20. Qb3 Bxf4 21. Bxf4 Nd5 22. f3 Qf5 23. a4 Re2 24. Kb1 Rhh2 25. Rc1 Qd7 26. Rd1 g5 27. Bc1 Qf5 28. Qd3 Qxd3 29. Rxd3 Nb4 30. Rd1 Nxc2 31. Ra2 Rhg2 32. d5 Nb4 33. Ra3 Nxd5 34. f4 g4 35. Rad3 Rgf2 36. R1d2 Rxd2 37. Bxd2 Kd7 38. Kc1 Rf1+ 39. Kc2 Ke6 40. a5 Rf3 41. Rxf3 gxf3 42. Kd3 Kf5 43. Be1 Kg4 44. Ke4 Ne7 45. Bf2 a6 46. Kd4 Kh3 47. Ke4 Kg2 48. Bc5 Kxg3 49. Ke3 Nd5+ 0-1

[Event "Rio Tercero CF 60 years"]
[Site "Rio Tercero"]
[Date "2012.04.28"]
[Round "1"]
[White "Oga, Sebastian"]
[Black "Cejas, Jose Angel"]
[Result "0-1"]
[WhiteElo "1683"]
[BlackElo "2352"]
[PlyCount "46"]
[EventDate "2012.04.28"]
[EventType "swiss"]
[EventRounds "9"]
[EventCountry "ARG"]
[SourceTitle "EXT 2013"]
[Source "ChessBase"]
[SourceDate "2012.11.22"]
[SourceVersion "1"]
[SourceVersionDate "2012.11.22"]
[SourceQuality "1"]

1. e4 c5 2. Nf3 d6 3. d4 cxd4 4. Nxd4 Nf6 5. Nc3 g6 6. Be3 Bg7 7. Be2 Nc6 8. Qd2 0-0 9. Nxc6 bxc6 10. Rd1 Ng4 11. Bxg4 Bxg4 12. f3 Be6 13. Bd4 Bxd4 14. Qxd4 c5 15. Qe3 Qa5 16. 0-0 Rab8 17. b3 c4 18. Nd5 Bxd5 19. exd5 Qxa2 20. bxc4 Rb2 21. Qg5 Rxc2 22. Rfe1 Rb8 23. Rxe7 Rbb2 0-1

[Event "Buenos Aires Najdorf U14/16"]
[Site "Buenos Aires"]
[Date "2004.10.08"]
[Round "5"]
[White "Cejas, Jose Angel"]
[Black "Elias, Leonardo"]
[Result "1-0"]
[WhiteElo "2299"]
[BlackElo "1947"]
[PlyCount "57"]
[EventDate "2004.09.07"]
[EventType "swiss"]
[EventRounds "7"]
[EventCountry "ARG"]
[SourceTitle "EXT 2005"]
[Source "ChessBase"]
[SourceDate "2004.11.15"]
[SourceVersion "1"]
[SourceVersionDate "2004.11.15"]
[SourceQuality "1"]

1. d4 Nf6 2. Nc3 c5 3. e3 cxd4 4. exd4 d5 5. Bg5 e6 6. Nf3 Be7 7. Bd3 Nc6 8. 0-0 0-0 9. a3 a6 10. Ne2 b5 11. Ng3 Ne8 12. Bxe7 Qxe7 13. Re1 Nd6 14. Ne5 Nxe5 15. dxe5 Nc4 16. Qh5 h6 17. b3 Nxa3 18. Qg4 b4 19. h4 Kh8 20. Nh5 Rg8 21. Re3 a5 22. Rg3 Qf8 23. Qf4 Ba6 24. Rxg7 Qxg7 25. Nxg7 Kxg7 26. Qf6+ Kf8 27. Qxh6+ Ke8 28. Qh7 Rf8 29. c3 1-0

[Event "Buenos Aires Najdorf U14/16"]
[Site "Buenos Aires"]
[Date "2004.10.08"]
[Round "7"]
[White "Santarelli, Luis"]
[Black "Cejas, Jose Angel"]
[Result "0-1"]
[WhiteElo "2141"]
[BlackElo "2299"]
[PlyCount "64"]
[EventDate "2004.09.07"]
[EventType "swiss"]
[EventRounds "7"]
[EventCountry "ARG"]
[SourceTitle "EXT 2005"]
[Source "ChessBase"]
[SourceDate "2004.11.15"]
[SourceVersion "1"]
[SourceVersionDate "2004.11.15"]
[SourceQuality "1"]

1. e4 c6 2. d4 d5 3. exd5 cxd5 4. Bd3 Nc6 5. Ne2 Nf6 6. c3 Bg4 7. 0-0 e6 8. Bg5 Bd6 9. f4 Qc7 10. h3 Bh5 11. Qd2 0-0-0 12. b4 h6 13. Bxf6 gxf6 14. Na3 a6 15. Nc2 Rhg8 16. a4 Bg6 17. b5 Nb8 18. bxa6 Nxa6 19. Nb4 Bxd3 20. Qxd3 Qc4 21. Qxc4+ dxc4 22. Nc2 Kb8 23. Rab1 Rc8 24. Ne3 f5 25. Rb6 Be7 26. Rb5 Bd8 27. Rfb1 Rc7 28. Kf2 Be7 29. g4 fxg4 30. hxg4 Rd8 31. Kf3 Rdd7 32. Rh1 Bf8 0-1

[Event "Posadas Anniv CAP 78th"]
[Site "Posadas"]
[Date "2004.07.09"]
[Round "3"]
[White "Caro, Esteban"]
[Black "Cejas, Jose Angel"]
[Result "1/2-1/2"]
[WhiteElo "2199"]
[BlackElo "2299"]
[PlyCount "119"]
[EventDate "2004.07.08"]
[EventType "swiss"]
[EventRounds "7"]
[EventCountry "ARG"]
[SourceTitle "EXT 2008"]
[Source "ChessBase"]
[SourceDate "2007.11.25"]
[SourceVersion "1"]
[SourceVersionDate "2007.11.25"]
[SourceQuality "1"]

1. e4 c6 2. Nc3 d5 3. Nf3 Bg4 4. h3 Bh5 5. exd5 cxd5 6. Bb5+ Nc6 7. g4 Bg6 8. Ne5 Rc8 9. d4 e6 10. h4 f6 11. Nxg6 hxg6 12. Qd3 Kf7 13. a3 Bd6 14. Be3 Nge7 15. Ba4 Na5 16. Bb3 a6 17. Ba2 Qb6 18. b4 Nc4 19. Na4 Qc6 20. Bb3 Nxa3 21. Nc5 Nc4 22. c3 Nxe3 23. fxe3 Rxh4 24. Rxh4 Bg3+ 25. Kd2 Bxh4 26. Ba4 b5 27. Bb3 Ra8 28. e4 Qd6 29. e5 fxe5 30. Rf1+ Kg8 31. Qf3 Bf6 32. dxe5 Qxe5 33. Re1 Bg5+ 34. Kd1 Qf6 35. Qxf6 Bxf6 36. Rxe6 Kf7 37. Rxa6 Rxa6 38. Nxa6 Be5 39. Kd2 Kf6 40. Bd1 Nc8 41. Bf3 Nb6 42. Nc5 Ke7 43. Nd3 Bf6 44. Nb2 Kd6 45. Be2 Kc6 46. Bd3 g5 47. Bg6 Nc8 48. Be8+ Kb6 49. Bf7 d4 50. cxd4 Bxd4 51. Nd1 Nd6 52. Bd5 Ne8 53. Kd3 Bg1 54. Nc3 Bf2 55. Bf7 Nf6 56. Nd5+ Nxd5 57. Bxd5 Be1 58. Kc2 Bxb4 59. Kb3 Kc5 60. Be4 1/2-1/2

[Event "ARG-ch U20"]
[Site "Tandil"]
[Date "2003.05.03"]
[Round "6"]
[White "Cejas, Jose Angel"]
[Black "Lafuente, Pablo"]
[Result "0-1"]
[WhiteElo "2234"]
[BlackElo "2414"]
[PlyCount "32"]
[EventDate "2003.05.02"]
[EventType "swiss"]
[EventRounds "7"]
[EventCountry "ARG"]
[SourceTitle "CBM 094 Extra"]
[Source "ChessBase"]
[SourceDate "2003.07.09"]
[SourceVersion "2"]
[SourceVersionDate "2003.07.09"]
[SourceQuality "1"]

1. e4 c5 2. Nc3 d6 3. f4 Nc6 4. Nf3 g6 5. Bb5 Bd7 6. d3 Bg7 7. 0-0 Nf6 8. Qe1 0-0 9. Bxc6 Bxc6 10. Qh4 e6 11. Be3 Nh5 12. Qf2 f5 13. e5 b6 14. d4 Bxf3 15. gxf3 cxd4 16. Bxd4 Nxf4 0-1

[Event "ARG-ch U20"]
[Site "Tandil"]
[Date "2003.05.03"]
[Round "5"]
[White "Cejas, Jose Angel"]
[Black "Real de Azua, Ernesto"]
[Result "1/2-1/2"]
[WhiteElo "2234"]
[BlackElo "2275"]
[PlyCount "75"]
[EventDate "2003.05.02"]
[EventType "swiss"]
[EventRounds "7"]
[EventCountry "ARG"]
[SourceTitle "CBM 094 Extra"]
[Source "ChessBase"]
[SourceDate "2003.07.09"]
[SourceVersion "2"]
[SourceVersionDate "2003.07.09"]
[SourceQuality "1"]

1. e4 c5 2. Nc3 Nc6 3. Bb5 g6 4. Nf3 Bg7 5. 0-0 Nd4 6. Ba4 Qa5 7. Rb1 a6 8. Bb3 d6 9. d3 Nxb3 10. axb3 Nf6 11. Bg5 h6 12. Ra1 Qd8 13. Bd2 0-0 14. Ne2 Ne8 15. Qc1 Kh7 16. Bc3 e5 17. Nd2 b5 18. b4 cxb4 19. Bxb4 f5 20. Bc3 f4 21. d4 g5 22. dxe5 dxe5 23. Nf3 Qc7 24. Bb4 Rf7 25. Nc3 g4 26. Nd2 Be6 27. Nd5 Qb7 28. c4 Rc8 29. c5 Nf6 30. Qc2 Kh8 31. Nxf6 Bxf6 32. Nb3 f3 33. g3 Rg7 34. Na5 Qf7 35. Rfd1 h5 36. Rd6 h4 37. Nc6 hxg3 38. fxg3 1/2-1/2